|
|
|
|
| LEADER |
00674nam a22002052a 4500 |
| 001 |
001421442 |
| 003 |
CZ BrMZK |
| 005 |
20141118111940.0 |
| 007 |
ta |
| 008 |
140919s1957 ru f er|||||||||||rus d |
| 040 |
|
|
|a ABA004
|b cze
|c ABA004
|d ABA004
|d BOA001
|
| 080 |
|
|
|a 22
|2 MRF-sel
|
| 100 |
1 |
|
|a Kryvelev, Iosif Aronovič,
|d 1906-1991
|7 jx20040721028
|4 aut
|
| 245 |
1 |
0 |
|a Jevangel'skije skazanija i ich smysl /
|c Iosif Aronovič Kryvelev
|
| 260 |
|
|
|a Moskva :
|b Sovetskaja Rossija,
|c 1957
|
| 300 |
|
|
|a 116 s. +
|e 1 příl.
|
| 910 |
|
|
|a BOA001
|b 2-0394.226
|
| 990 |
|
|
|a BK
|
| 991 |
|
|
|b 201409
|
| 996 |
7 |
|
|b 2619132956
|c 2-0394.226
|l MZK
|r Sklad / do 24 hodin
|n 0
|w 001456558
|u 000010
|a 1
|e BOA001
|j MZK50
|s A
|